01467cam a2200445 4500001000900000003000900009005001700018007000300035008003000038015000600068017000900074020001800083035000600101040003000107041001100137080000600148082002700154100003700181245009300218264006100311300002800372336002700400337004100427338003000468490001900498500001600517500006000533534003800593590002600631650001900657650002800676650002000704700003000724700003700754740001600791910004100807942001200848952014400860999001701004 4322715DO-SdBPM20250725094832.0ta080819s2021 sp 000 f spa  a  a b  a9788466352345 a  aDO-SdBPMbspacBPMSUerda1 aspah  a  4a823.91bM158s 20212221 aMackintosh, Clared1976-eautora10aSi te miento / cClare Mackintosh ; traducción Ana Alcaina y Verónica Canales b h  aBarcelona : bPeguin Random House Grupo Editorial,c2021 a453 páginas ;c22 cm atextobtxt2rdacontent asin mediación bn2rdamediación  avolumen bnc2rdacarrier 0 aBestseller v  aBest-Seller aA la cabeza de la portada: Biblioteca Clare Mackintosh  pTítulo original : tLet me Lie  aInventariado, 2025/VM 7aNovela inglesa 7a Literatura inglesa v  4aHonor vNovela.1 aAlcaina, Ana etraductora1 aCanales, Verónica etraductora02aGaspar Ruiz aVMateo V. Control de calidad. BPMSU  2ddccBK 00102ddc40708CGaBPMETbBPMETd2025-07-25eCélida Alvarez l0oBPMSU CG 823.91 M158s 2021pBPMSU25070047r2025-07-25w2025-07-25yBK c15268d15268